000 01766cam a22004577a 4500
003 CHAP
005 20220623111649.0
008 971013s1981 mx a r 00010 spa d
010 _a18698
011 _a19670
020 _a9684513011 (volumen 2)
020 _a9684513003 (volumen 1)
035 _a23755
040 _cCHAP
082 _a574
_bA57
100 0 0 _aAlonso Tejeda, María Eréndira.
_94607
245 1 3 _aLa ciencia de la vida
_c/por Alonso Tejeda, Eréndira
260 _aMéxico, D.F. :
_bMcGraw-Hill,
_c198 -198 .
300 _av.
_b: ilus
490 0 _aBiología para educación media superior
500 _aLa biblioteca tiene : v.1, v.2
505 _aContenido : v.1 Unidad y diversidad.- v.2 Estructura, metabolismo, autoperpetuación.-
590 _aBATCH-UPD
_b10
_c20130110
590 _aBATCH-UPD
_b10
_c20130110
590 _aBATCH-UPD
_b10
_c20130409
590 _aBATCH-UPD
_b10
_c20130410
590 _aBATCH-UPD
_b10
_c20130914
590 _aBATCH-UPD
_b10
_c20130914
590 _aCONVERSION
_b10
_c20130109
650 1 4 _aBiología.
_912773
830 0 _aBiología para educación media superior
_912817
901 _aBK
942 _cLIBRO
_2ddc
949 _a574 A57
_bBC
_cLIBRO
_d33724000580072
_eLIBRO
_fv.2 c.2
_h63461
_i23755
_si
949 _a574 A57
_bBC
_cLIBRO
_d33724000721445
_eLIBRO
_fv.1
_h58451
_i23755
_si
949 _a574 A57
_bBC
_cLIBRO
_d33724000828729
_eLIBRO
_fv.2
_h63460
_i23755
_si
949 _a574 A57
_bBC
_cLIBRO
_d33724000890497
_eLIBRO
_fv.1 c.2
_h58452
_i23755
_si
949 _a574 A57
_bBC
_cLIBRO
_d33724000902417
_eLIBRO
_fv.1 c.3
_h58452
_i23755
_si
949 _a574 A57
_bBC
_cLIBRO
_d33724000959631
_eLIBRO
_fv.2 c.3
_h63462
_i23755
_si
949 _a574 A57
_bBC
_cLIBRO
_d33724002135736
_eLIBRO
_fv.2 c.4
_h111194
_i23755
_si
999 _c18698
_d18698